Сборник. 3: Танцулька (Запись № 13291651)

Подробности
000 -МАРКЕР
контрольное поле 01043nam2a22002531 4500
001 - ИДЕНТИФИКАТОР ЗАПИСИ
контрольное поле RU\NLR\A1SV\117412
005 - ИДЕНТИФИКАТОР ВЕРСИИ
контрольное поле 20260422145811.0
035 ## - ДРУГИЕ СИСТЕМНЫЕ НОМЕРА
Идентификатор записи (NLR Aleph) 010438124
100 ## - ДАННЫЕ ОБЩЕЙ ОБРАБОТКИ
Данные общей обработки 20130328d1918 u y0rusy50 ca
101 0# - ЯЗЫК РЕСУРСА
Язык текста, звукозаписи и т.д. русский
200 1# - ЗАГЛАВИЕ И СВЕДЕНИЯ ОБ ОТВЕТСТВЕННОСТИ
Основное заглавие Танцулька
Первые сведения об ответственности [А.Н.Потресов, М.Неведомский, Д.Заславский и др.]
215 ## - ФИЗИЧЕСКАЯ ХАРАКТЕРИСТИКА
Специфическое обозначение материала и объем 32 стб.
300 ## - ОБЩИЕ ПРИМЕЧАНИЯ
Текст примечания Без тит. л.
461 #1 - УРОВЕНЬ НАБОРА
Встроенное поле 001RU\NLR\A1SV\117409
-- 2000#$v3
Системный номер (АБИС) связанной записи 9880116
Автор "Стрелы", изд-во. Петербург
Место публикации Спб.
Дата публикации 1918
Первые сведения об ответственности Изд-во "Стрелы"
Заглавие Сборник
Номер тома 3
702 #1 - ИМЯ ЛИЦА - ВТОРИЧНАЯ ОТВЕТСТВЕННОСТЬ
Начальный элемент ввода Потресов
Часть имени, кроме начального элемента ввода А. Н.
Даты 1869-1934
Расширение инициалов личного имени Александр Николаевич
702 #1 - ИМЯ ЛИЦА - ВТОРИЧНАЯ ОТВЕТСТВЕННОСТЬ
Графика поля Кириллица
Материалы, к которым относится поле rus
Начальный элемент ввода Заславский
Часть имени, кроме начального элемента ввода Д. И.
Даты 1880-1965
Расширение инициалов личного имени Давид Иосифович
Системный номер авторитетной/нормативной записи 72056
Идентификатор авторитетной/нормативной записи RU\NLR\AUTH\7789128
702 #1 - ИМЯ ЛИЦА - ВТОРИЧНАЯ ОТВЕТСТВЕННОСТЬ
Начальный элемент ввода Неведомский
Часть имени, кроме начального элемента ввода М. П.
Даты 1866-1943
Расширение инициалов личного имени Михаил Петрович
801 #0 - ИСТОЧНИК ЗАПИСИ
Страна Российская Федерация
Организация NLR
Дата составления 20130328
852 ## - МЕСТОНАХОЖДЕНИЕ И ШИФР ХРАНЕНИЯ
Идентификатор организации NLR
Шифр хранения (Call Number) 45/522(3)
942 ## - ДОПОЛНИТЕЛЬНЫЕ ЭЛЕМЕНТЫ ЗАПИСИ (АБИС)
Тип экземпляра АБИС Книга
980 ## - КОЛЛЕКЦИЯ
Название коллекции Международный сводный каталог русской книги (1918-1926)
980 ## - КОЛЛЕКЦИЯ
Название коллекции Национальная библиография

Нет доступных экземпляров.